Responses for show #4274 - Thursday, March 13, 2003

(Sarah: We're at the home of the Chicago Cubs, Wrigley Field.)

Contestants

[<< previous game]

Amir Marouni, a pre-med student from Austin, Texas

David Dayen, a video editor originally from Philadelphia, Pennsylvania (whose 1-day cash winnings total $10,400)

Randy Harris, an estate and trust attorney from Madison, New Jersey (whose 2-day cash winnings total $31,200)

[next game >>]

Jeopardy! Round responses

THE NORTHERNMOST NATION
WRIGLEY FIELD
BITS & PIECES
THE SUPREME COURT
GIRL SCOUT BADGES
11-LETTER WORDS
    $200 15
Norway

David
    $200 3
lights

Randy
    $200 17
ballet dancer

Randy
    $200 10
9

Amir
    $200 26
geology

Amir
    $200 1
fantabulous

Randy
    $400 16
Poland

Amir
    $400 6
W or L (win or loss)

David
    $400 19
lawbook/tablet

Amir
    $400 11
(Amir: What ie excessive?)

deadly force

RandyAmir
    $400 27
online

Amir
    $400 2
genealogist

Amir
    $600 20
Vatican City

David
    $600 7
Confines

David
    $600 23
(Randy: What is B.C.?)

The Wizard of Id

RandyDavid
    $600 12
(David: What is an unanimous vote?)
....
(Alex: The vote didn't go to roll call.)

voice vote

David
Triple Stumper
    $600 28
(David: What are smoke signals?)

Morse code

DavidAmir
    $600 4
Afghanistan

Randy
    $800 21
Bulgaria

David
    $800 8
Harry Caray

David
    $800 24
(Alex: With a minute to go.)

subpoena

Randy
    $800 13
(Randy: Who is Monroe?)

John Quincy Adams

Randy
Triple Stumper
    $1,200 29
(Amir: [no response])
....
[buzzer sounds to end the round]

dairy maid ("eight maids-a-milking")

Amir
    $800 5
haberdasher

David
    $1000 22
Macedonia

Randy
    $1000 9
(Alex: Let's play two!)

Ernie Banks

Amir
    $1000 25
(Randy: What is North Dakota?)

South Dakota

RandyDavid
    $1000 14
William Howard Taft

Amir
    $1000 18
tetrahedron

Randy

Scores at the first commercial break (after clue 15):

Randy David Amir
$600 $2,200 $2,200

Scores at the end of the Jeopardy! Round:

Randy David Amir
$2,000 $4,600 $3,000

Double Jeopardy! Round responses

AFRICAN MAMMALS
DON'T SWEAT THE SMALL STUFF
POP LIT
BRITS ALIVE!
A GENRE-OUS HELPING
"ANTI"-MATTER
    $400 1
elephant

Amir
    $400 11
pigeons

Randy
    $400 19
house

Randy
    $400 26
(David: Who is Prince Andrew?)
....
(Alex: Charles is first in line.)
....
[buzzer sounds to end the round]

Prince William

RandyDavid
    $400 16
western

Randy
    $400 6
antifreeze

Amir
    $800 2
chimpanzee

Randy
    $800 12
leprechauns

Randy
    $800 22
(Alex: With a minute to go.)

Lewis Carroll

Randy
    $800 17
rap

David
    $800 7
antidote

Amir
    $1200 3
pride

Randy
    $1200 13
Wisconsin (Green Bay)

Amir
    $1200 23
"The Great Gatsby"

David
    $1200 18
tragedy

Triple Stumper
    $1200 8
Antietam

Amir
    $1600 4
hippopotamus

Randy
    $1600 14
electron

Randy
    $1600 24
"The Grapes of Wrath"

Randy
    $1600 20
anime

David
    $1600 9
Antigone

Randy
    $5,600 5
(Randy: What are nose & skin?)

nose & horn

Randy
    $2000 15
Norma Desmond

Randy
    $3,000 25
(Randy: What is "Night of the Iguana?")

"Suddenly Last Summer"

Randy
    $2000 21
conversation piece

Triple Stumper
    $2000 10
Antioch

Triple Stumper

Scores at the end of the Double Jeopardy! Round:

Randy David Amir
$7,000 $7,800 $7,000

[wagering suggestions for these scores]

Final Jeopardy! Round responses

EARLY AMERICAN HISTORY
(Alex: David, the first Catholic parish in what is now the U.S. was founded at this "settlement"; Florida alone is not enough to give you a right response.)
RandyWhat is Savannah
$7,000
AmirWhat is Jamestown
$801
DavidWhat is Florida
$6,201
St. Augustine (in Florida)

Final scores:

Randy David Amir
$0 $1,599 $6,199
3rd place: $1,000 2nd place: $2,000 New champion: $6,199

Game dynamics:

Coryat scores:

Randy David Amir
$15,600 $7,800 $8,200
21 R,
5 W
(including 2 DDs)
12 R,
3 W
14 R,
2 W
(including 1 DD)

Combined Coryat: $31,600

The J! Archive is created by fans, for fans. Scraping, republication, monetization, and malicious use prohibited; this site may use cookies and collect identifying information. See terms. The Jeopardy! game show and all elements thereof, including but not limited to copyright and trademark thereto, are the property of Jeopardy Productions, Inc. and are protected under law. This website is not affiliated with, sponsored by, or operated by Jeopardy Productions, Inc. Join the discussion at JBoard.tv.